LEADER 01273nam a2200241 i 4500 001 000000091031 003 CaOOAMICUS 005 20151211000000.0 008 151211s1783 it u000 u ita u 013 $a63273 026 $aelr- gete 1.3. vasi (3) 1783 (R) 040 $aSeMil$bita 245 10$aMemorie di s. Vittore martire rintracciate, ed esposte da Bernardino Lamberti .. 260 $aVercelli :$bPresso Giuseppe Panialis stampatore di sua eminenza, e dell'illustrissima città,$c1783. 300 $a[12], 239, [1] p., [1] carta di tav. ;$c8º. 500 $aFront. stampato in rosso e nero in cornice xilogr. - Fregi xilogr. - Segn. : pg6 A-P8. 600 04$aVittore : il Moro .$0(OLS)http://semarc/subject/2515 700 1 $aLamberti, Bernardino.$0(OLS)http://semarc/name/40820 700 1 $aPanialis, Giuseppe,$c.$0(OLS)http://semarc/name/6940 850 $aSeMil 852 $aSeMil$W1$xVenegono$y1$m3H II 95 FA$j53992$B53992$CSeMilBibl$Z2$F58632 $8I 996 $6245$aMemorie di s. Vittore martire rintracciate, ed esposte da Bernardino Lamberti ..$9(OLS)http://semarc/title/137139 996 $6260$aVercelli :$bPresso Giuseppe Panialis stampatore di sua eminenza, e dell'illustrissima città$9(OLS)http://semarc/publisher/43746 LEADER 02242nam a2200229 i 4500 001 000000028163 003 CaOOAMICUS 005 20230516145157.0 008 180830s1717 it d u000 u ita u 040 $aSeMil$bita 100 1 $aVeneroni, Giovanni,$d<1642-1708>.$0(OLS)http://semarc/name/11055 245 10$aDictionaire francois, et italien dittionario francese, et italiano del signor Giovanni Veneroni. Arrichito più nobilmente, e da notabili errori con diligenza ricorretto, ed accresciuto di molti nomi di regni ... Messo in ordine espressamente all'uso de signori italiani desiderosi di apprendere la lingua francese, dal signor Filippo Neretti parigino ... E da lui accresciuto di piu frasi, e vocaboli sì di scienze, come di arti: che saranno segnaticon questo segno * Ed in questa edizione arricchito di nuovo di titoli, formole di lettere, ed altro per benefizio degli studiosi. Tomo 1. [-2.]. 264 1$aIn Venezia :$bAppresso Antonio Bortoli,$c1717. 300 $a2 v. ;$c4°. 500 $aFregio xilogr. sui front. - Cors. rom. 700 1 $aNeretti, Filippo.$0(OLS)http://semarc/name/11054 700 1 $aBortoli, Antonio,$c.$0(OLS)http://semarc/name/4614 774 0 $tTomo 1.$g1$w()226959 774 0 $tDictionaire francois, et italien dittionario francese, e italiano del signor Gio. Veneroni. Enrichi plus noblement, corrige' de plusieurs fautes, & augmentes de plusieurs noms de rojaumes, provinces ... mis en ordre pour les italiens ..$g2$w()226960 996 $6245$aDictionaire francois, et italien dittionario francese, et italiano del signor Giovanni Veneroni. Arrichito più nobilmente, e da notabili errori con diligenza ricorretto, ed accresciuto di molti nomi di regni ... Messo in ordine espressamente all'uso de signori italiani desiderosi di apprendere la lingua francese, dal signor Filippo Neretti parigino ... E da lui accresciuto di piu frasi, e vocaboli sì di scienze, come di arti: che saranno segnaticon questo segno * Ed in questa edizione arricchito di nuovo di titoli, formole di lettere, ed altro per benefizio degli studiosi. Tomo 1. [-2.]$9(OLS)http://semarc/title/38208 996 $6264$aIn Venezia :$bAppresso Antonio Bortoli$9(OLS)http://semarc/publisher/37643